Economic and mathematical models of inventory analysis with shortages and penal sanctions proportional to waiting time
Vytvorenie modelu riadenia zásob s prihliadnutím na požiadavky kupujúceho. Optimalizácia logistických procesov predávajúceho.
Gespeichert in:
| 1. Verfasser: | |
|---|---|
| Weitere Verfasser: | , |
| Format: | Buchkapitel |
| Sprache: | Englisch |
| Schlagworte: | |
| Tags: |
Keine Tags, Fügen Sie das erste Tag hinzu!
|
MARC
| LEADER | 00000nla a2200000 4500 | ||
|---|---|---|---|
| 001 | 0239493 | ||
| 005 | 20240502073900.2 | ||
| 041 | 0 | |a eng | |
| 044 | |a SK | ||
| 245 | 1 | 0 | |a Economic and mathematical models of inventory analysis with shortages and penal sanctions proportional to waiting time |
| 520 | |a Vytvorenie modelu riadenia zásob s prihliadnutím na požiadavky kupujúceho. Optimalizácia logistických procesov predávajúceho. | ||
| 610 | 2 | 0 | |a modely ekonomicko-matematické |
| 610 | 2 | 0 | |a procesy rozhodovacie |
| 610 | 2 | 0 | |a optimalizácia zásob |
| 610 | 2 | 0 | |a logistika |
| 610 | 2 | 0 | |a logistika distribučná |
| 610 | 2 | 0 | |a klienti |
| 100 | 1 | |a Nestorenko, Olexandr | |
| 700 | 1 | |a Péliová, Jana, 1976- | |
| 700 | 1 | |a Nestorenko, Tetyana | |